Recursos naturales en Centroamérica, hoy. Volumen II

Gespeichert in:
Bibliographische Detailangaben
Körperschaft: CSUCA. Programa Centroamericano de Desarrollo Científico y Tecnológico
Format: Unbekannt
Veröffentlicht: San José: CSUCA
Schlagworte:
Tags: Tag hinzufügen
Keine Tags, Fügen Sie den ersten Tag hinzu!

MARC

LEADER 00000 a2200000 04500
001 14780
003
008 991231s d
040
090 |a 017802  
110 |a CSUCA. Programa Centroamericano de Desarrollo Científico y Tecnológico  
245 |a Recursos naturales en Centroamérica, hoy. Volumen II  
260 |a San José:   |b CSUCA  
300 |a 140 p  
650 |a CIENCIA Y TECNOLOGIA  
999 |c 13909  |d 13909